[Event "FRA-chT U20"]
[Site "France"]
[Date "2012.05.27"]
[Round "?"]
[White "Vallipuram, Tarujam"]
[Black "Roque, Gaetan"]
[Result "1/2-1/2"]
[WhiteElo "1532"]
[BlackElo "1753"]
[PlyCount "63"]
[EventDate "2012.05.26"]
[EventType "team-swiss"]
[EventRounds "9"]
[EventCountry "FRA"]
[SourceTitle "EXT 2014"]
[Source "ChessBase"]
[SourceDate "2013.11.20"]
[SourceVersion "1"]
[SourceVersionDate "2013.11.20"]
[SourceQuality "1"]

1. e4 d6 2. Nc3 Nf6 3. f4 e5 4. Nf3 Nbd7 5. Bc4 Be7 6. d3 0-0 7. 0-0 c6 8. a3 Nb6 9. Bb3 Nbd7 10. Kh1 Qc7 11. Nh4 Nc5 12. fxe5 dxe5 13. Nf5 Nxb3 14. cxb3 Rd8 15. Nxe7+ Qxe7 16. Bg5 Rd6 17. Qf3 h6 18. Bh4 b6 19. h3 Ba6 20. Rad1 Rad8 21. Bxf6 Rxf6 22. Qe2 Rxf1+ 23. Qxf1 Rd4 24. Qf3 Qd7 25. Kg1 Bxd3 26. Rd2 Bxe4 27. Nxe4 Rxd2 28. Nxd2 Qxd2 29. Qxc6 Qxb2 30. Qc8+ Kh7 31. Qf5+ Kh8 32. Qc8+ 1/2-1/2

[Event "FRA-chT U20 1112"]
[Site "France"]
[Date "2011.12.04"]
[Round "2"]
[White "Ek, Alexandre"]
[Black "Vallipuram, Tarujam"]
[Result "1-0"]
[WhiteElo "1879"]
[BlackElo "1530"]
[PlyCount "55"]
[EventDate "2011.12.03"]
[EventType "team-swiss"]
[EventRounds "7"]
[EventCountry "FRA"]
[SourceTitle "EXT 2013"]
[Source "ChessBase"]
[SourceDate "2012.11.22"]
[SourceVersion "1"]
[SourceVersionDate "2012.11.22"]
[SourceQuality "1"]

1. e4 e5 2. Nf3 Nc6 3. Bb5 a6 4. Ba4 Nf6 5. d4 exd4 6. 0-0 Be7 7. e5 Ne4 8. Nxd4 Nc5 9. Nf5 0-0 10. Qg4 g6 11. Bh6 Re8 12. Nc3 d6 13. Nxe7+ Qxe7 14. exd6 Qxd6 15. Qh4 Nxa4 16. Ne4 Rxe4 17. Qxe4 Bd7 18. Rad1 Qe6 19. Qxa4 Ne5 20. Qd4 f6 21. f4 Ng4 22. Rfe1 Qb6 23. Qxb6 cxb6 24. Rxd7 Nxh6 25. Ree7 Kf8 26. Rxh7 Ng8 27. Rhg7 Rc8 28. Rdf7+ 1-0